Fr. Conceicao Rodrigues College of Engineering

Cloud security and Privacy:An enterprise perspective on Risks and compliance (Record no. 18979)

MARC details
000 -LEADER
fixed length control field 00425nam a2200169Ia 4500
082 ## - DEWEY DECIMAL CLASSIFICATION NUMBER
Classification number 4.65
Item number MAT
100 ## - MAIN ENTRY--PERSONAL NAME
Personal name Mather/Tim/ Kumaraswamy/Subra
245 ## - TITLE STATEMENT
Title Cloud security and Privacy:An enterprise perspective on Risks and compliance
260 ## - PUBLICATION, DISTRIBUTION, ETC.
Name of publisher, distributor, etc. Oreilly
Date of publication, distribution, etc. 2009
366 ## - TRADE AVAILABILITY INFORMATION
Publishers's discount category 20
300 ## - PHYSICAL DESCRIPTION
Extent 312
546 ## - LANGUAGE NOTE
Language note ENGLISH
-- PAMPHALETS
650 ## - SUBJECT ADDED ENTRY--TOPICAL TERM
Topical term or geographic name entry element Cloud security
654 ## - SUBJECT ADDED ENTRY--FACETED TOPICAL TERMS
Focus term cloud security
942 ## - ADDED ENTRY ELEMENTS (KOHA)
Koha item type BOOK
Holdings
Withdrawn status Lost status Damaged status Not for loan Collection Home library Current library Date acquired Source of acquisition Cost, normal purchase price Inventory number Total Checkouts Full call number Barcode Date last seen Cost, replacement price Price effective from Koha item type
        CRC Fr. Agnel's C.Rodrigues College of Engineering Fr. Agnel's C.Rodrigues College of Engineering 17/03/2023 Allied Publishers 300.00 3530 dt 04/02/2011   4.65 MAT 21320 17/03/2023 375.00   BOOK